| 000 | 00648cam a2200253 4500 | ||
|---|---|---|---|
| 008 | 090401t1996 xxu||||| |||| 00| 0 eng d | ||
| 020 | _a0582258774 | ||
| 035 | _a(Sirsi) u59383 | ||
| 041 | _aeng | ||
| 050 | _a690 | ||
| 100 | _aDean, Yvonne | ||
| 245 | _aFinishes. | ||
| 250 | _a4th ed. | ||
| 260 |
_aHarlow, Essex _bAddison Wesley Longman _c1996 |
||
| 300 | _a138p. : ill. ; 25cm. | ||
| 350 | _a17.99 | ||
| 490 | _aMitchell's Building Series | ||
| 650 | _aBUILT ENVIRONMENT-BUILDING MATERIALS | ||
| 650 | _aCERAMICS | ||
| 650 | _aPOLYMERS | ||
| 690 | _aBUILT ENVIRONMENT-BUILDING MATERIALS | ||
| 942 | _n0 | ||
| 948 | _c04/03/1997 | ||
| 999 |
_c94139 _d94139 |
||